Animaux et créatures Harry Potter possédant un Prénom - Statistiques

Statistiques générales
  • Ce quiz a été pris 3 477 fois
    3 394 depuis la dernière actualisation
  • Le résultat moyen est 11 sur 26
Statistiques - réponses
Animaux % Correct
Hedwige
95%
Buck
88%
Croutard
83%
Pattenrond
81%
Dobby
60%
Aragog
55%
Crockdur
51%
Nagini
50%
Fumseck
49%
Kreattur
49%
Trevor
47%
Errol
46%
Touffu
45%
Coquecigrue
42%
Firenze
40%
Norbert
40%
Miss Teigne
32%
Winky
32%
Hermès
25%
Graup
24%
Gripsec
21%
Bane
20%
Arnold
18%
Hokey
8%
Magorian
6%
Bogrod
4%
Aucun quiz correspondant
Distribution des résultats
% des personnes avec chaque résultat
Percentile par nombre de réponses
Votre historique - résultats
Vous n’avez pas pris ce quiz depuis la dernière actualisation